000 00235nam a2200097Ia 4500
082 _aMIC
245 0 _aInheritance
100 _a MICHAEL, Judith London, 1988
_937693
942 _cBK
008 210817s9999 xx 000 0 und d
999 _c134892
_d134891